00490cam a2200121 a 450024500680000026000790006830000210014750001110016865000280027965000140030770000230032170000240034400aSome aspects of the chemistry of the environment of Sri Lanka / a[Colombo] :bSri Lanka Association for the Advancement of Science,c[1987] a186 p. :bmaps ; aPapers presented at a symposium organized by Sri Lanka Association for the Advancement of Science in 1986. 0aEnvironmental chemistry 0aPollution1 aDissanayake, C. B.1 aGunatilaka, Leslie.